000 00826nam a2200241 i 4500
001 15283
003 ES-MaACL
005 20230906151032.0
007 t|
008 000211s1999 sp ||||1| spa d
020 _a84-376-1718-9
080 _a821.111-31"19"
100 1 _aRichardson, Samuel.
_996940
245 1 0 _aPamela, o la virtud recompensada /
_cSamuel Richardson ; edición de Fernando Galván y María del Mar Pérez Gil ; traducción de Fernando Galván y María del Mar Pérez Gil.
260 _aMadrid :
_bCátedra,
_c[1999]
300 _a775 p. ;
_c18 cm.
490 1 _aLetras universales ;
_v278
700 1 _aGalván, Fernando.
_953685
700 1 _aPérez Gil, María del Mar.
_990902
830 0 _aLetras universales ;
_v278
_9178013
852 _aES-MaACL
_jL-22559
_bR.128095
999 _c15283
_d15283